| 000 | 00000nam 2200000za 4500 |
| 001 | 9.850200 |
| 003 | CaOODSP |
| 005 | 20221107154113 |
| 007 | cr ||||||||||| |
| 008 | 180117s1984 onc #os|||f|0| 0|eng d |
| 020 | |z0-660-51859-7 |
| 040 | |aCaOODSP|beng |
| 041 | |aeng|afre |
| 043 | |an-cn--- |
| 086 | 1 |aCS13-579/1984-PDF |
| 245 | 00|aHistorical tables for census education data, 1971, 1976 and 1981 |h[electronic resource] : |bCanada, regions, provinces = Tableaux chronologiques de données sur l'éducation, recensements de 1971, 1976 et 1981 : Canada, régions, provinces. |
| 246 | 11|aTableaux chronologiques de données sur l'éducation, recensements de 1971, 1976 et 1981 : |bCanada, régions, provinces |
| 260 | |aOttawa : |bStatistics Canada, |c1984. |
| 300 | |a[160] p. |
| 490 | 0 |a1981 Census of Canada |
| 500 | |aAt head of title: Population = Population. |
| 500 | |aChiefly tables. |
| 500 | |a"June 1984." |
| 500 | |aDigitized edition from print [produced by Statistics Canada]. |
| 520 | |a"This special 1981 Census bulletin is designed to present historically comparable tables for the1971, 1976 and 1981 Census education data. A number of conceptual and methodological changes have taken place over this ten-year period. It is the purpose of this bulletin to take these changes into account, to the extent that it is feasible, and to display the census education data in a comparable time series"--Introduction. |
| 546 | |aText in English and in French. |
| 692 | 07|2gccst|aCensus data |
| 692 | 07|2gccst|aPopulation |
| 692 | 07|2gccst|aEducation |
| 710 | 2 |aStatistics Canada. |
| 792 | |tHistorical tables for census education data, 1971, 1976 and 1981 |efre|w(CaOODSP)9.850210 |
| 794 | |tSupplement to "Historical tables for census education data 1971, 1976 and 1981" |w(CaOODSP)9.850213 |
| 856 | 40|qPDF|s38.85 MB|uhttps://publications.gc.ca/collections/collection_2018/statcan/CS13-579-1984.pdf |
| 986 | |a13-579 |